000 00297nam a2200121Ia 4500
005 20251222154351.0
008 251222s9999||||xx |||||||||||||| ||spa||
020 _a84-209-9812-1
082 _a709/B71
100 _a"Boisselier, Jean"
245 0 _aHistoria de las formas artísticas
942 _cLIB
999 _c34916
_d34916